10 Najpopularniejszych utworów rapowych 2022 - Statystyki

Ogólne statystyki
  • Ten quiz został rozwiązany 6 razy
  • Średni wynik to 2 z 10
Statystyki odpowiedzi
Hint Odpowiedź % Poprawnych
Central cee Doja
80%
Kendrick Lamar n95
40%
Gunna, Future, Young Thug Pushin P
40%
Armani White Billie Eilish
20%
Jack Harlow First Class
20%
Drake, 21 Savage Rich Flex
20%
Drake, 21 Savage Jimmy Cooks
0%
Nicki Minaj Super Freaky Girl
0%
Doja cat Vegas
0%
Future,Drake Wait for u
0%
Nie znaleziono quizów pasujących do podanych kryteriów
Rozkład punktacji
Procent ludzi z każdym wynikiem
Percentyl według liczby udzielonych odpowiedzi
Twoja historia wyników
Nie rozwiązałeś tego quizu